| 000 -LEADER |
| fixed length control field |
00516nam a22001697a 4500 |
| 008 - FIXED-LENGTH DATA ELEMENTS--GENERAL INFORMATION |
| fixed length control field |
131126b xxu||||| |||| 00| 0 ger d |
| 020 ## - INTERNATIONAL STANDARD BOOK NUMBER |
| International Standard Book Number |
370830232X |
| 041 0# - LANGUAGE CODE |
| Language code of text/sound track or separate title |
ger |
| 080 ## - UNIVERSAL DECIMAL CLASSIFICATION NUMBER |
| Universal Decimal Classification number |
343.1 |
| 110 ## - |
| -- |
Schriftenreihe des bundesministerium für justiz band 119 |
| 245 00 - TITLE STATEMENT |
| Title |
Die Eu-Erweiterung an Österreichs Grenzen - Justizielle Zusammenarbeit mit zukunft / |
| 260 ## - |
| -- |
Wien : |
| -- |
NWV Verlag ; |
| -- |
2005. |
| 300 ## - |
| -- |
180 f. : |
| -- |
22 cm. |
| 650 #0 - |
| -- |
E drejta penale |
| -- |
Austria |
| 650 #0 - |
| -- |
E drejta |
| 942 ## - ADDED ENTRY ELEMENTS (KOHA) |
| Source of classification or shelving scheme |
|
| Item type |
Books |